| 000 | 00505cam a22001931 4500 | ||
|---|---|---|---|
| 001 | af 48002735 | ||
| 003 | DLC | ||
| 005 | 20260227110857.0 | ||
| 008 | 890412s1944 gw 000 1 ger c | ||
| 010 | _aaf 48002735 | ||
| 035 | _a(OCoLC)19541459 | ||
| 040 |
_aYale Univ. Library _cCU _dDLC |
||
| 042 | _apremarc | ||
| 050 | 0 | 0 |
_aPT2621.E174 _bF7 |
| 100 | 2 | _aKegler-Behr, Marianne. | |
| 245 | 1 | 4 |
_aDas fremde Ziel; _bein Roman. |
| 260 |
_aHamburg, _bHammerich & Lesser _c[1944] |
||
| 300 |
_a173 p. _c20 cm. |
||
| 999 |
_c5187 _d5187 |
||